The writer's feast : (Record no. 1848034)

MARC details
000 -LEADER
fixed length control field 00556cam a2200193 a 4500
003 - CONTROL NUMBER IDENTIFIER
control field OSt
005 - DATE AND TIME OF LATEST TRANSACTION
control field 20260407115701.0
008 - FIXED-LENGTH DATA ELEMENTS--GENERAL INFORMATION
fixed length control field 110328s2011 ii b 100 0 eng d
020 ## - INTERNATIONAL STANDARD BOOK NUMBER
International Standard Book Number 9788125041955
040 ## - CATALOGING SOURCE
Language of cataloging eng
Transcribing agency HDL
082 04 - DEWEY DECIMAL CLASSIFICATION NUMBER
Classification number 394.12
245 04 - TITLE STATEMENT
Title The writer's feast :
Remainder of title food and the cultures of representation /
Statement of responsibility, etc. edited by Supriya Chaudhuri and Rimi B. Chatterjee.
Medium English
250 ## - EDITION STATEMENT
Edition statement 1st
260 ## - PUBLICATION, DISTRIBUTION, ETC.
Place of publication, distribution, etc. New Delhi :
Name of publisher, distributor, etc. Orient Blackswan,
Date of publication, distribution, etc. 2011.
300 ## - PHYSICAL DESCRIPTION
Extent xvi, 238 p.
651 ## - SUBJECT ADDED ENTRY--GEOGRAPHIC NAME
Geographic name India
942 ## - ADDED ENTRY ELEMENTS (KOHA)
Source of classification or shelving scheme Colon Classification (CC)
Koha item type Textual
Suppress in OPAC No
Holdings
Withdrawn status Lost status Source of classification or shelving scheme Damaged status Not for loan Home library Current library Date acquired Total Checkouts Date last seen Price effective from Koha item type
    Colon Classification (CC)     Department of History Library Department of History Library 2026-04-07   2026-04-07 2026-04-07 Textual
Copyright @ Delhi University Library System